Dharmasastra and juridical literature (Record no. 33793)

MARC details
000 -LEADER
fixed length control field 00509nam a2200169Ia 4500
008 - FIXED-LENGTH DATA ELEMENTS--GENERAL INFORMATION
fixed length control field 230917s9999||||xx |||||||||||||| ||und||
020 ## - ISBN
Price RS625
040 ## - CATALOGING SOURCE
-- 259684
Original cataloging agency VIVEKANANDA LIBRARY
041 ## - Language
-- English
082 ## - DDC NUMBER
Classification number 294.594 D448D
100 ## - MAIN ENTRY--PERSONAL NAME
Personal name Derrett, J Duncan M
245 #0 - TITLE STATEMENT
Title Dharmasastra and juridical literature
260 ## - PUBLICATION, DISTRIBUTION, ETC. (IMPRINT)
Place of publication, distribution, etc New Delhi
Name of publisher, distributor, etc Manohar Publisher and Distributors
Date of publication, distribution, etc 2020
300 ## - PHYSICAL DESCRIPTION
Pages x, 75 p.
500 ## - GENERAL NOTE
General note 3813 12/12/2019 RK19/2622 11/12/2019 Ch. Ranbir Singh Institute of Social and
942 ## - ADDED ENTRY ELEMENTS (KOHA)
Koha item type Books
Holdings
Withdrawn status Lost status Damaged status Not for loan Location (home branch) Sublocation or collection (holding branch) Date acquired Koha issues (times borrowed) Koha full call number Accession No. Koha date last seen Koha item type
        VIVEKANANDA LIBRARY VIVEKANANDA LIBRARY     294.594 D448D 391261 17/09/2023 Books
© Designed and Maintained by Vivekananda Library, MDU Rohtak